000 00673nam a2200253Ia 4500
003 OSt
005 20220924120311.0
006 a|||||r|||| 00| 0
007 ta
008 220923b |||||||| |||| 00| 0 urd d
020 _c100
024 _a319703
037 _cTextual
040 _aARTS
_cARTS
_burd
041 _2urd
_aurd
082 _aO168,6NUS,2, N9
100 _aUsmani Manzoor Au.
_9179520
245 0 _aKitab ka nikah-e-sani
260 _aDelhi
_bManzoor Usmani India
_c1999
300 _a140p.
_ccm.
650 _aURDU PROSE
_926866
942 _hO168,6NUS,2, N9
_cTEXL
_2CC
999 _c402195
_d402195